Welcome to the official Sarawak Skills Library system. If you are a new user, please contact our librarian to register.

Java Programming: Comprehensive (Record no. 18133)

MARC details
000 -LEADER
fixed length control field 00429nam a2200157Ia 4500
008 - FIXED-LENGTH DATA ELEMENTS--GENERAL INFORMATION
fixed length control field 241206s9999||||xx |||||||||||||| ||und||
020 ## - INTERNATIONAL STANDARD BOOK NUMBER
International Standard Book Number 9780760010709
Terms of availability 0
040 ## - CATALOGING SOURCE
Language of cataloging eng
Transcribing agency SSK Library
Description conventions rda
082 ## - DEWEY DECIMAL CLASSIFICATION NUMBER
Classification number 005.133/FAR
003 - CONTROL NUMBER IDENTIFIER
control field OSt
005 - DATE AND TIME OF LATEST TRANSACTION
control field 20241206223324.0
100 ## - MAIN ENTRY--PERSONAL NAME
Personal name Joyce Farrel
245 #0 - TITLE STATEMENT
Title Java Programming: Comprehensive
260 ## - PUBLICATION, DISTRIBUTION, ETC.
Name of publisher, distributor, etc. Course Technology
Date of publication, distribution, etc. ©1999
942 ## - ADDED ENTRY ELEMENTS (KOHA)
Source of classification or shelving scheme
Koha item type Book
Suppress in OPAC
Holdings
Withdrawn status Lost status Damaged status Not for loan Home library Current library Date acquired Total checkouts Full call number Barcode Date last seen Copy number Price effective from Koha item type Source of classification or shelving scheme
        Kenyalang Ilmu Miri Library Kenyalang Ilmu Miri Library 02/13/2026   005.133/FAR A00426 02/13/2026   02/13/2026 Book Dewey Decimal Classification
        Kenyalang Ilmu Miri Library Kenyalang Ilmu Miri Library 02/13/2026   005.133/FAR A00427 02/13/2026   02/13/2026 Book Dewey Decimal Classification
        Kenyalang Ilmu Miri Library Kenyalang Ilmu Miri Library 02/13/2026   005.133/FAR A00428 02/13/2026   02/13/2026 Book Dewey Decimal Classification
        Kenyalang Ilmu Miri Library Kenyalang Ilmu Miri Library 02/13/2026   005.133/FAR A00429 02/13/2026   02/13/2026 Book Dewey Decimal Classification
        Kenyalang Ilmu Miri Library Kenyalang Ilmu Miri Library 02/13/2026   005.133/FAR A00430 02/13/2026   02/13/2026 Book Dewey Decimal Classification
        Sarawak Skills Kuching Library Sarawak Skills Kuching Library 12/06/2024   005.133/FAR 10073463 12/06/2024 2 12/06/2024 Book